Komplexne riešené príklady z účtovníctva podnikateľov Pre audítorov
Guardado en:
| Otros Autores: | |
|---|---|
| Formato: | Libro |
| Lenguaje: | eslovaco |
| Publicado: |
Bratislava
Súvaha
1993
|
| Edición: | 1. vyd. |
| Materias: | |
| Etiquetas: |
Sin Etiquetas, Sea el primero en etiquetar este registro!
|
MARC
| LEADER | 00000nam a2200000 4500 | ||
|---|---|---|---|
| 001 | c004311 | ||
| 005 | 20221025095234.9 | ||
| 020 | |a 80-88727-01-4 | ||
| 041 | 0 | |a slo | |
| 044 | |a SK | ||
| 245 | 1 | 0 | |a Komplexne riešené príklady z účtovníctva podnikateľov |b Pre audítorov |c Zod. red. Zdenko Laučík |
| 250 | |a 1. vyd. | ||
| 264 | 1 | |a Bratislava |b Súvaha |c 1993 | |
| 300 | |a 241 s. | ||
| 610 | 2 | 0 | |a účtovníctvo |
| 610 | 2 | 0 | |a podnikatelia |
| 610 | 2 | 0 | |a audítori |
| 610 | 2 | 0 | |a prípady účtovné |
| 610 | 2 | 0 | |a účty |
| 700 | 1 | |a Laučík, Zdenko | |